Zníženie radiácie NO pri topení zemným plynom

Bibliographic Details
Main Author: Serédi-Woperáné, Ágnes (Author)
Format: Article
Language:Slovak
PhysicalDescription:Sch. 2. Grafy 6. Res. slov.
Subjects:

MARC

LEADER 00000nab a2200000 a 4500
001 vtls000432938
003 SK-MaSNL
005 20260302233736.0
008 160202c1990 xo 0 slo
015 |a SNBRA19rr/mm-uuuuu 
035 |a CL0433066 
040 |a SNKBUCL  |b slo  |c SNKBUCL  |e AACR2 
041 0 |a slo 
044 |a xo  |c SK 
080 |a 628.512:621.783.2:622.95  |2 1981 
080 |a 621.783.2  |2 1981 
080 |a 622.95  |2 1981 
080 |a 662.95  |2 1981 
100 1 |a Serédi-Woperáné, Ágnes  |4 aut  |9 968018 
245 1 0 |a Zníženie radiácie NO pri topení zemným plynom  |c Ágnes Serédi-Woperáné 
300 |b Sch. 2. Grafy 6. Res. slov. 
650 0 7 |a pece ohrievacie plynové  |2 snkbucl  |9 968019 
650 0 7 |a spaľovanie  |2 snkbucl  |9 16534 
650 0 7 |a emisie  |2 snkbucl  |9 290897 
655 7 |a články zo zborníkov  |2 snkbucl  |9 166140 
773 0 |t Energetické premeny v hutníckych prevádzkach  |d Košice : Dom techniky ZSVTS, 1990  |g S. 110-116 
850 |a Slovenská národná knižnica v Martine  |a MTA001 
852 |a SNK  |b KIS3GCP 
958 |a RK 
958 |a HU 
992 |a RZB 
999 |c 1547613  |d 1549543